000 00384 a2200133 4500
001 92263
082 _aPR 2509
090 _c44208
_d44207
100 _aTalal Akhtar; Pof Salman Aslam (Advisor)
245 _aDevelopment of Autonomous Navigation using Inertial Measurement Unit (IMU)
_n77 "B" EC
260 _aIslamabad
_bNUST
_c2014
300 _a59p.
500 _aBE Project Reports
942 _aCAE NUST
_kPR 2509
999 _c327336
_d327336